Estadísticas para Dominios de Países

Haz click aquí para intentar la prueba.

Estadísticas generales

  • Esta prueba ha sido intentada 77 veces
  • La puntuación promedio es 8 de 15

Estadísticas de respuestas

DominioPaís% Correcto
.beBélgica
95%
.ruRusia
93%
.usEstados Unidos
85%
.boBolivia
76%
.tvTuvalu
73%
.zwZimbabue
66%
.ieIrlanda
54%
.eeEstonia
51%
.szSuazilandia
37%
.btBután
34%
.adAndorra
32%
.gtGuatemala
32%
.bbBarbados
20%
.dzArgelia
12%
.wsSamoa
12%

Distribución de puntuación

Porcentaje por número respondido

Porcentaje de gente con cada puntuación

Historial de tus puntuaciones

No has intentado esta prueba.